[Event "Polfinal Mistrzostw Stowarzyszenia CROSS"]
[Site "Krynica Zdroj ul. Szkolna 7"]
[Date "2012.??.??"]
[Round "7.15"]
[White "Rutkowski, Eugeniusz"]
[Black "Barnowski, Sylwester"]
[Result "0-1"]
[WhiteElo "1804"]
[BlackElo "1843"]
[PlyCount "88"]
[EventDate "2012.??.??"]

1. d4 e6 2. c4 d5 3. e3 Nf6 4. Nc3 c6 5. Nf3 Bd6 6. c5 Bc7 7. b4 O-O 8. Bb2 b6
9. Ne5 bxc5 10. bxc5 Bxe5 11. dxe5 Nfd7 12. Qd4 Ba6 13. Be2 Bxe2 14. Kxe2 a5
15. h4 Na6 16. Na4 Nb4 17. Qc3 Qc7 18. a3 Na6 19. Rac1 Rfb8 20. Qd4 Rb5 21. Ba1
Rab8 22. Rc2 Qb7 23. Rhc1 Rb3 24. Bb2 Qb5+ 25. Ke1 Rd3 26. Qg4 d4 27. Qe4 dxe3
28. fxe3 Rb3 29. Nb6 Ndxc5 30. Rxc5 Qxb6 31. Bd4 Nxc5 32. Bxc5 Qb7 33. Kf2 Qd7
34. Bd6 Rc8 35. Qd4 Rb5 36. Qc4 Qb7 37. Rc3 Rb2+ 38. Kg1 Qb5 39. Qf4 Qe2 40.
Qe4 Qe1+ 41. Kh2 Qxc3 42. Be7 Qc2 43. Qg4 Qf5 44. Qg3 h5 0-1

[Event "Polfinal Mistrzostw Stowarzyszenia CROSS"]
[Site "Krynica Zdroj ul. Szkolna 7"]
[Date "2012.??.??"]
[Round "8.1"]
[White "Ruszczycki, Jacek"]
[Black "Stolarczyk, Anna"]
[Result "0-1"]
[WhiteElo "1901"]
[BlackElo "1999"]
[PlyCount "90"]
[EventDate "2012.??.??"]

1. e4 c5 2. f4 d5 3. exd5 Qxd5 4. Nc3 Qd8 5. Nf3 Nf6 6. Ne5 a6 7. Qf3 e6 8. d3
Be7 9. Be3 Nbd7 10. Ne4 Nd5 11. Nxd7 Nxe3 12. Qxe3 Bxd7 13. Be2 Bc6 14. O-O Qd4
15. Qxd4 cxd4 16. Bf3 Rc8 17. Rf2 O-O 18. Kf1 Rc7 19. Ke1 Rfc8 20. Kd1 h6 21.
Re2 b5 22. Nd2 g5 23. Bxc6 Rxc6 24. Nf3 gxf4 25. Nxd4 Rc5 26. Nf3 Bf6 27. Rb1
Bg7 28. a3 e5 29. Nh4 f6 30. Nf5 Bf8 31. Rc1 Kf7 32. Ke1 Kg6 33. Nh4+ Kg5 34.
Nf3+ Kf5 35. Nh4+ Kg4 36. Nf3 Bg7 37. h3+ Kg3 38. Kf1 f5 39. Kg1 e4 40. dxe4
Bxb2 41. Rd1 fxe4 42. Rxe4 Rxc2 43. Ne1 R2c4 44. Rd3+ Kh4 45. Rd5 Rxe4 0-1

[Event "Polfinal Mistrzostw Stowarzyszenia CROSS"]
[Site "Krynica Zdroj ul. Szkolna 7"]
[Date "2012.??.??"]
[Round "8.2"]
[White "Zarow, Zdzislaw"]
[Black "Czajkowski, Adam"]
[Result "0-1"]
[WhiteElo "1898"]
[BlackElo "1867"]
[PlyCount "62"]
[EventDate "2012.??.??"]

1. d4 Nf6 2. c4 g6 3. Nf3 Bg7 4. Nc3 O-O 5. e3 d6 6. Be2 Nbd7 7. O-O e5 8. Re1
c6 9. dxe5 dxe5 10. Qc2 Qc7 11. b4 Re8 12. e4 Nh5 13. Rb1 Nf4 14. Bf1 Nf8 15.
Bxf4 exf4 16. Red1 Ne6 17. Rd2 g5 18. h3 h5 19. Rbd1 g4 20. hxg4 hxg4 21. Nh4
Ng5 22. c5 Qe5 23. Rc1 Qf6 24. Rd6 Be6 25. Nf5 Bf8 26. Rd2 Qh8 27. Nd4 g3 28.
fxg3 fxg3 29. Nf3 Bg4 30. Rd3 Re6 31. Ne2 Nxf3+ 0-1

[Event "Polfinal Mistrzostw Stowarzyszenia CROSS"]
[Site "Krynica Zdroj ul. Szkolna 7"]
[Date "2012.??.??"]
[Round "8.3"]
[White "Falkowski, Dawid"]
[Black "Jelen, Janusz"]
[Result "1-0"]
[WhiteElo "2005"]
[BlackElo "1989"]
[PlyCount "75"]
[EventDate "2012.??.??"]

1. e4 e5 2. d4 exd4 3. Qxd4 d6 4. Be3 Nf6 5. Nc3 Be7 6. f3 Nc6 7. Qd2 a6 8.
O-O-O Be6 9. Nd5 Bxd5 10. exd5 Ne5 11. f4 Neg4 12. Bd4 c5 13. dxc6 bxc6 14. h3
Ne4 15. Qe1 Ngf6 16. Bd3 d5 17. g4 c5 18. Be5 h6 19. Nf3 Nd6 20. g5 Nh5 21.
gxh6 Rxh6 22. f5 Kf8 23. Qc3 c4 24. Be2 Nb5 25. Qe3 Rc8 26. c3 Qa5 27. Bxg7+
Kxg7 28. Qxe7 Qxa2 29. Rhg1+ Kh8 30. Ne5 Qa1+ 31. Kc2 Qa4+ 32. Kd2 Nd6 33. Bxh5
Qb5 34. Kc1 Rb8 35. Rg2 Qb6 36. Qg5 Rh7 37. Qf6+ Rg7 38. Qxg7# 1-0

[Event "Polfinal Mistrzostw Stowarzyszenia CROSS"]
[Site "Krynica Zdroj ul. Szkolna 7"]
[Date "2012.??.??"]
[Round "8.4"]
[White "Wolanski, Michal"]
[Black "Lipski, Tadeusz"]
[Result "1/2-1/2"]
[WhiteElo "1961"]
[BlackElo "2010"]
[PlyCount "31"]
[EventDate "2012.??.??"]

1. c4 c5 2. Nf3 Nc6 3. Nc3 Nf6 4. g3 d5 5. cxd5 Nxd5 6. Bg2 Nc7 7. O-O e5 8. d3
Be7 9. Be3 O-O 10. Rc1 Rb8 11. Nd2 Nd4 12. Nc4 f6 13. Bxd4 cxd4 14. Ne4 Be6 15.
Rc2 Nd5 16. Ned2 1/2-1/2

[Event "Polfinal Mistrzostw Stowarzyszenia CROSS"]
[Site "Krynica Zdroj ul. Szkolna 7"]
[Date "2012.??.??"]
[Round "8.5"]
[White "Przewoznik, Emil"]
[Black "Hagner, Pawel"]
[Result "0-1"]
[WhiteElo "2012"]
[BlackElo "1777"]
[PlyCount "88"]
[EventDate "2012.??.??"]

1. d4 Nf6 2. Nf3 g6 3. Nc3 Bg7 4. e4 d6 5. Bc4 O-O 6. Qe2 c6 7. e5 dxe5 8. dxe5
Nd5 9. Bd2 Nxc3 10. Bxc3 Bg4 11. Rd1 Qc7 12. Rd3 e6 13. O-O Nd7 14. Re1 Rad8
15. h3 Bxf3 16. Rxf3 b5 17. Bd3 a6 18. a4 Nc5 19. axb5 cxb5 20. Qd2 Rd5 21. Qf4
Nxd3 22. Rxd3 Rxd3 23. cxd3 Rd8 24. d4 Qc4 25. Re4 Qb3 26. Qd2 Bf8 27. Ba5 Rc8
28. Re3 Qa2 29. f4 Qb1+ 30. Re1 Qa2 31. Bc3 Qb3 32. Ra1 b4 33. Qd3 bxc3 34.
Qxa6 Rb8 35. bxc3 Qxc3 36. Qa7 Qe3+ 37. Kh1 Rb2 38. Rf1 Qg3 39. Qa8 Rf2 40.
Rxf2 Qxf2 41. Qe4 Bb4 42. d5 Qe1+ 43. Qxe1 Bxe1 44. d6 Kf8 0-1

[Event "Polfinal Mistrzostw Stowarzyszenia CROSS"]
[Site "Krynica Zdroj ul. Szkolna 7"]
[Date "2012.??.??"]
[Round "8.6"]
[White "Wojcieszyn, Zdzislaw"]
[Black "Kowalczyk, Marian"]
[Result "1-0"]
[WhiteElo "1967"]
[BlackElo "1991"]
[PlyCount "93"]
[EventDate "2012.??.??"]

1. c4 c5 2. g3 Nc6 3. Nf3 e5 4. d3 g6 5. Bg5 f6 6. Bd2 Nge7 7. Bg2 d6 8. Nc3
Be6 9. e4 Bg7 10. Nd5 O-O 11. a3 a5 12. Nxe7+ Qxe7 13. O-O Bg4 14. h3 Be6 15.
Kh2 Nd4 16. Nxd4 cxd4 17. Qb3 Qc7 18. Rfc1 Rfb8 19. Qc2 Rc8 20. Qa4 Bd7 21. Qd1
b6 22. h4 h5 23. b3 Be6 24. f4 Bg4 25. Bf3 Bxf3 26. Qxf3 Qf7 27. f5 Kh7 28. Rf1
Rf8 29. b4 Bh6 30. Bxh6 Kxh6 31. bxa5 Rxa5 32. Rfb1 Ra6 33. Rb3 g5 34. hxg5+
fxg5 35. Rab1 g4 36. Qe2 Rb8 37. Qd2+ Kh7 38. Qg5 Rg8 39. Qd2 Qc7 40. R1b2 Qd8
41. Kg1 Rg7 42. Qc1 Rga7 43. Rh2 Qe8 44. Qg5 Rg7 45. Rxh5+ Kg8 46. Qh4 Qa8 47.
Rh8+ 1-0

[Event "Polfinal Mistrzostw Stowarzyszenia CROSS"]
[Site "Krynica Zdroj ul. Szkolna 7"]
[Date "2012.??.??"]
[Round "8.7"]
[White "Kulpinski, Piotr"]
[Black "Traczyk, Tadeusz"]
[Result "1-0"]
[WhiteElo "1965"]
[BlackElo "1905"]
[PlyCount "65"]
[EventDate "2012.??.??"]

1. d4 e6 2. c4 c5 3. Nf3 cxd4 4. Nxd4 Nf6 5. a3 Nc6 6. Nc3 Nxd4 7. Qxd4 Be7 8.
g3 O-O 9. Bg2 d6 10. O-O Qc7 11. b3 a6 12. Bb2 Qc5 13. Qd3 h6 14. Rfd1 Qc7 15.
Rac1 Bd7 16. Rc2 Bc6 17. Nd5 Qd8 18. Nxe7+ Qxe7 19. Bxc6 bxc6 20. Qxd6 Qxd6 21.
Rxd6 Rfb8 22. Bxf6 gxf6 23. b4 a5 24. bxa5 Rxa5 25. Rxc6 Rxa3 26. Rc7 Raa8 27.
c5 Rc8 28. Rxc8+ Rxc8 29. c6 Rc7 30. Kg2 f5 31. Kf3 f6 32. e3 h5 33. h3 1-0

[Event "Polfinal Mistrzostw Stowarzyszenia CROSS"]
[Site "Krynica Zdroj ul. Szkolna 7"]
[Date "2012.??.??"]
[Round "8.8"]
[White "Staruch, Roman"]
[Black "Gosek, Zenon"]
[Result "1-0"]
[WhiteElo "1937"]
[BlackElo "2089"]
[PlyCount "81"]
[EventDate "2012.??.??"]

1. e4 c5 2. Nf3 Nc6 3. c3 Nf6 4. e5 Nd5 5. Bc4 Nb6 6. Bb3 d6 7. exd6 Qxd6 8.
O-O Be6 9. Bxe6 Qxe6 10. d4 Rd8 11. Be3 g6 12. Nbd2 Bg7 13. dxc5 Nc4 14. Qb3
N6a5 15. Qb5+ Qd7 16. Qxd7+ Rxd7 17. Rab1 O-O 18. Nxc4 Nxc4 19. Bd4 e5 20. Be3
Rc8 21. b4 Rd3 22. Rbd1 Nxe3 23. fxe3 Rcd8 24. Rxd3 Rxd3 25. Kf2 Rxc3 26. Rd1
Rc2+ 27. Rd2 Rc4 28. Rd8+ Bf8 29. Nxe5 Rc2+ 30. Kf3 Kg7 31. Rd7 a5 32. Rxf7+
Kg8 33. Rxb7 axb4 34. Rxb4 Rxc5 35. Nd7 Rc2 36. Nxf8 Kxf8 37. a4 Ra2 38. h4 Kf7
39. g4 h6 40. h5 gxh5 41. gxh5 1-0

[Event "Polfinal Mistrzostw Stowarzyszenia CROSS"]
[Site "Krynica Zdroj ul. Szkolna 7"]
[Date "2012.??.??"]
[Round "8.9"]
[White "Olejnik, Bernard"]
[Black "Sargalski, Andrzej"]
[Result "1/2-1/2"]
[WhiteElo "1831"]
[BlackElo "1904"]
[PlyCount "45"]
[EventDate "2012.??.??"]

1. d4 d5 2. c4 dxc4 3. Nc3 Nc6 4. Bf4 Nf6 5. Nf3 e6 6. e3 Bd6 7. Bxd6 cxd6 8.
Bxc4 O-O 9. O-O d5 10. Bb3 a6 11. Rc1 Na5 12. Bc2 b5 13. b3 Bb7 14. Ne2 Ne4 15.
Ng3 Rc8 16. Ne5 f6 17. Nd3 Nc3 18. Qd2 Nxa2 19. Ra1 Nc3 20. Nc5 b4 21. Rxa5
Qxa5 22. Nxb7 Qb6 23. Nc5 1/2-1/2

[Event "Polfinal Mistrzostw Stowarzyszenia CROSS"]
[Site "Krynica Zdroj ul. Szkolna 7"]
[Date "2012.??.??"]
[Round "8.10"]
[White "Cebula, Jozef"]
[Black "Stankiewicz, Edward"]
[Result "0-1"]
[WhiteElo "1891"]
[BlackElo "1887"]
[PlyCount "65"]
[EventDate "2012.??.??"]

1. e4 d6 2. Nc3 Nf6 3. Nf3 g6 4. d4 Bg7 5. Bc4 O-O 6. h3 c5 7. dxc5 Qa5 8. Bd2
Qxc5 9. Bb3 a6 10. Be3 Qa5 11. Bd2 Qc7 12. O-O Nbd7 13. Be3 Nc5 14. Nd2 Nxb3
15. Nxb3 Bd7 16. f3 e5 17. Qd2 Bc6 18. Rad1 Rad8 19. Bg5 Rd7 20. Kh2 Ne8 21.
Nd5 Bxd5 22. exd5 f5 23. Be3 f4 24. Bf2 Nf6 25. Qd3 Rdf7 26. Rfe1 Rc8 27. c3
Qc4 28. Qxc4 Rxc4 29. Nd2 Rc8 30. c4 b5 31. b3 g5 32. Rc1 Rfc7 33. cxb5 0-1

[Event "Polfinal Mistrzostw Stowarzyszenia CROSS"]
[Site "Krynica Zdroj ul. Szkolna 7"]
[Date "2012.??.??"]
[Round "8.11"]
[White "Mettel, Werner"]
[Black "Pawelec, Bartosz"]
[Result "0-1"]
[WhiteElo "1905"]
[BlackElo "2036"]
[PlyCount "58"]
[EventDate "2012.??.??"]

1. b3 d5 2. Bb2 c5 3. Nf3 Nc6 4. e3 Bg4 5. Be2 e6 6. O-O Nf6 7. d3 Be7 8. Nbd2
O-O 9. Ne5 Bxe2 10. Qxe2 Nxe5 11. Bxe5 Nd7 12. Bb2 Bf6 13. c3 Qa5 14. Rfc1 b5
15. d4 Qb6 16. Nf3 a5 17. Rc2 a4 18. Qd1 Ra6 19. b4 cxb4 20. cxb4 a3 21. Bc3
Be7 22. Rb1 Rc8 23. Nd2 Ra4 24. Rb3 Qc6 25. Qc1 Bxb4 26. Rxb4 Rxb4 27. Qxa3 Ra4
28. Qb2 b4 29. Nb3 bxc3 0-1

[Event "Polfinal Mistrzostw Stowarzyszenia CROSS"]
[Site "Krynica Zdroj ul. Szkolna 7"]
[Date "2012.??.??"]
[Round "8.13"]
[White "Barnowski, Sylwester"]
[Black "Niecko, Stanislaw"]
[Result "1-0"]
[WhiteElo "1843"]
[BlackElo "1834"]
[PlyCount "79"]
[EventDate "2012.??.??"]

1. d4 Nf6 2. Bg5 e6 3. e4 Be7 4. e5 Nd5 5. Bxe7 Qxe7 6. Qd2 d6 7. Nc3 Nxc3 8.
Qxc3 Nc6 9. f4 dxe5 10. dxe5 Qb4 11. Ne2 Bd7 12. O-O-O Qxc3 13. Nxc3 O-O-O 14.
Be2 Ne7 15. Bf3 Bc6 16. Ne4 h6 17. Rhe1 Rxd1+ 18. Rxd1 Nd5 19. g3 Ne3 20. Re1
Nf5 21. c3 Rd8 22. Bg4 Ne7 23. Nf2 b6 24. Bh5 g6 25. Be2 Kb7 26. Ng4 h5 27. Ne3
Nd5 28. Nc2 a5 29. Nd4 Be8 30. Bf3 c5 31. Nc2 Bc6 32. Be2 Ne7 33. Na3 Nf5 34.
Nc4 Kc7 35. Bf1 Bb5 36. Kc2 Rd7 37. b3 Rd8 38. Re2 Ne7 39. Re1 Nf5 40. Nb2 1-0

[Event "Polfinal Mistrzostw Stowarzyszenia CROSS"]
[Site "Krynica Zdroj ul. Szkolna 7"]
[Date "2012.??.??"]
[Round "8.14"]
[White "Bzowski, Grzegorz"]
[Black "Rutkowski, Eugeniusz"]
[Result "1-0"]
[WhiteElo "1658"]
[BlackElo "1804"]
[PlyCount "47"]
[EventDate "2012.??.??"]

1. d4 e6 2. c4 f5 3. Nc3 c6 4. Nf3 Nf6 5. Bf4 Na6 6. e3 Qb6 7. Qb3 Qxb3 8. axb3
Bb4 9. Be2 Ne4 10. Rc1 O-O 11. O-O Be7 12. h3 g5 13. Bh2 Nd6 14. c5 Nf7 15. Nd2
Nb4 16. Nc4 Bf6 17. Nd6 Nxd6 18. Bxd6 Rd8 19. Ra1 f4 20. Na4 Nd5 21. e4 b5 22.
cxb6 f3 23. Bxf3 Nf4 24. e5 1-0

[Event "Polfinal Mistrzostw Stowarzyszenia CROSS"]
[Site "Krynica Zdroj ul. Szkolna 7"]
[Date "2012.??.??"]
[Round "8.15"]
[White "Zaleski, Jan"]
[Black "Debowska, Teresa"]
[Result "0-1"]
[WhiteElo "1891"]
[BlackElo "1866"]
[PlyCount "20"]
[EventDate "2012.??.??"]

1. b3 Nf6 2. Bb2 g6 3. g3 Bg7 4. Bg2 d5 5. Nf3 O-O 6. O-O c5 7. d3 Nc6 8. Nbd2
Qc7 9. Rb1 e5 10. c4 d4 0-1

[Event "Polfinal Mistrzostw Stowarzyszenia CROSS"]
[Site "Krynica Zdroj ul. Szkolna 7"]
[Date "2012.??.??"]
[Round "9.2"]
[White "Stolarczyk, Anna"]
[Black "Wojcieszyn, Zdzislaw"]
[Result "1/2-1/2"]
[WhiteElo "1999"]
[BlackElo "1967"]
[PlyCount "26"]
[EventDate "2012.??.??"]

1. d4 d5 2. c4 e6 3. Nc3 Nf6 4. cxd5 exd5 5. Nf3 Be7 6. h3 O-O 7. Bf4 Bd6 8.
Bxd6 Qxd6 9. e3 Qb6 10. Qc2 Nc6 11. a3 Ne7 12. Bd3 g6 13. O-O Bf5 1/2-1/2

[Event "Polfinal Mistrzostw Stowarzyszenia CROSS"]
[Site "Krynica Zdroj ul. Szkolna 7"]
[Date "2012.??.??"]
[Round "9.3"]
[White "Lipski, Tadeusz"]
[Black "Ruszczycki, Jacek"]
[Result "0-1"]
[WhiteElo "2010"]
[BlackElo "1901"]
[PlyCount "48"]
[EventDate "2012.??.??"]

1. b3 d5 2. Bb2 c5 3. f4 Nc6 4. Nf3 e6 5. e4 dxe4 6. Ng5 Nf6 7. d3 e3 8. Na3 h6
9. Nxf7 Kxf7 10. Be2 Bd6 11. O-O Rf8 12. Bh5+ g6 13. Bxf6 Qxf6 14. Nc4 Ke7 15.
Nxd6 Kxd6 16. Be2 Nd4 17. c3 Nxe2+ 18. Qxe2 Qxc3 19. d4 cxd4 20. Rac1 Qd2 21.
Qg4 e2 22. Rfe1 Rxf4 23. Qxg6 Qe3+ 24. Kh1 Qxc1 0-1

[Event "Polfinal Mistrzostw Stowarzyszenia CROSS"]
[Site "Krynica Zdroj ul. Szkolna 7"]
[Date "2012.??.??"]
[Round "9.4"]
[White "Jelen, Janusz"]
[Black "Kulpinski, Piotr"]
[Result "0-1"]
[WhiteElo "1989"]
[BlackElo "1965"]
[PlyCount "27"]
[EventDate "2012.??.??"]

1. d4 d5 2. c4 c6 3. Nc3 Nf6 4. f3 Nbd7 5. e4 dxc4 6. Bxc4 e6 7. Nge2 Be7 8.
O-O O-O 9. Qc2 c5 10. d5 Nb6 11. Bb5 exd5 12. e5 Ne8 13. Bd3 g6 14. f4 0-1

[Event "Polfinal Mistrzostw Stowarzyszenia CROSS"]
[Site "Krynica Zdroj ul. Szkolna 7"]
[Date "2012.??.??"]
[Round "9.5"]
[White "Hagner, Pawel"]
[Black "Zarow, Zdzislaw"]
[Result "1-0"]
[WhiteElo "1777"]
[BlackElo "1898"]
[PlyCount "61"]
[EventDate "2012.??.??"]

1. d4 Nf6 2. Nf3 d5 3. Bg5 Nbd7 4. e3 h6 5. Bh4 c5 6. c3 e6 7. Nbd2 a6 8. a4
Qc7 9. Bd3 Bd6 10. Bg3 O-O 11. Qe2 Re8 12. Bxd6 Qxd6 13. O-O e5 14. dxe5 Nxe5
15. Nxe5 Rxe5 16. Nf3 Bg4 17. h3 Bxf3 18. Qxf3 Rae8 19. Rad1 Qe6 20. Rd2 Rg5
21. Rfd1 g6 22. c4 d4 23. exd4 cxd4 24. Re2 Qb6 25. Rxe8+ Nxe8 26. Re1 Nd6 27.
h4 Rc5 28. Qf6 Rc8 29. Re7 Rf8 30. Bxg6 Nc8 31. Bxf7+ 1-0

[Event "Polfinal Mistrzostw Stowarzyszenia CROSS"]
[Site "Krynica Zdroj ul. Szkolna 7"]
[Date "2012.??.??"]
[Round "9.6"]
[White "Stankiewicz, Edward"]
[Black "Wolanski, Michal"]
[Result "0-1"]
[WhiteElo "1887"]
[BlackElo "1961"]
[PlyCount "76"]
[EventDate "2012.??.??"]

1. e4 c5 2. Nf3 d6 3. d4 cxd4 4. Nxd4 Nf6 5. Nc3 g6 6. f3 Bg7 7. Be3 O-O 8. Qd2
Nc6 9. O-O-O d5 10. exd5 Nxd5 11. Nxd5 Qxd5 12. Nxc6 Qxc6 13. Bh6 Be6 14. Bxg7
Kxg7 15. a3 Rac8 16. Bd3 Rfd8 17. Kb1 Qd5 18. b3 a5 19. c4 Qc5 20. Qb2+ Kg8 21.
Bc2 b5 22. Rxd8+ Rxd8 23. cxb5 Qxb5 24. Rd1 Rb8 25. Rd3 Rc8 26. a4 Qb4 27. Qd4
Qe1+ 28. Kb2 Qh1 29. Rc3 Rxc3 30. Qxc3 Qxg2 31. Qxa5 Bf5 32. Qc3 Qxh2 33. a5
Qe2 34. Qc6 h5 35. Qc4 Qxc4 36. bxc4 Bc8 37. f4 Bb7 38. c5 h4 0-1

[Event "Polfinal Mistrzostw Stowarzyszenia CROSS"]
[Site "Krynica Zdroj ul. Szkolna 7"]
[Date "2012.??.??"]
[Round "9.7"]
[White "Pawelec, Bartosz"]
[Black "Staruch, Roman"]
[Result "1-0"]
[WhiteElo "2036"]
[BlackElo "1937"]
[PlyCount "57"]
[EventDate "2012.??.??"]

1. e4 d5 2. exd5 Nf6 3. d4 Nxd5 4. c4 Nb6 5. Nf3 g6 6. h3 Bg7 7. Nc3 O-O 8. Be3
Nc6 9. Rc1 e5 10. d5 Ne7 11. Be2 Nf5 12. Bc5 Re8 13. Ne4 Nd6 14. Nxd6 cxd6 15.
Be3 e4 16. Nd4 Be5 17. Qd2 Qe7 18. O-O f5 19. f3 Bd7 20. fxe4 fxe4 21. b4 Rf8
22. c5 Na4 23. c6 Rxf1+ 24. Rxf1 Bxd4 25. Qxd4 bxc6 26. dxc6 Be6 27. Rf6 Nb6
28. Bh6 Bxa2 29. Rxd6 1-0

[Event "Polfinal Mistrzostw Stowarzyszenia CROSS"]
[Site "Krynica Zdroj ul. Szkolna 7"]
[Date "2012.??.??"]
[Round "9.8"]
[White "Kowalczyk, Marian"]
[Black "Przewoznik, Emil"]
[Result "1-0"]
[WhiteElo "1991"]
[BlackElo "2012"]
[PlyCount "61"]
[EventDate "2012.??.??"]

1. e4 e5 2. Nf3 Nc6 3. d4 exd4 4. Nxd4 Bc5 5. Be3 Qf6 6. c3 Nge7 7. g3 d5 8.
Bg2 dxe4 9. Nb5 Bd6 10. Nd2 Bf5 11. Nxe4 Bxe4 12. Bxe4 O-O 13. Nxd6 Rad8 14.
Qc2 Rxd6 15. Bxh7+ Kh8 16. Be4 Rfd8 17. Qe2 Qe5 18. Bf4 Qc5 19. Bxd6 Rxd6 20.
O-O f5 21. Qh5+ Rh6 22. Qe8+ Kh7 23. Bg2 Ne5 24. b4 Qd6 25. Rad1 Qf6 26. h3 f4
27. Be4+ g6 28. gxf4 Rxh3 29. fxe5 Qxe5 30. Bxg6+ Nxg6 31. Qd7+ 1-0

[Event "Polfinal Mistrzostw Stowarzyszenia CROSS"]
[Site "Krynica Zdroj ul. Szkolna 7"]
[Date "2012.??.??"]
[Round "9.9"]
[White "Traczyk, Tadeusz"]
[Black "Olejnik, Bernard"]
[Result "1-0"]
[WhiteElo "1905"]
[BlackElo "1831"]
[PlyCount "42"]
[EventDate "2012.??.??"]

1. e4 e5 2. d4 exd4 3. Qxd4 Qf6 4. Qe3 Nc6 5. Nc3 Bb4 6. Bd2 Nge7 7. O-O-O O-O
8. f4 d6 9. h3 Ba5 10. Qe1 a6 11. g4 b5 12. g5 Qe6 13. f5 Qd7 14. f6 Ng6 15.
fxg7 Kxg7 16. Nf3 Nce5 17. Qg3 c6 18. Nxe5 dxe5 19. Qf3 Qc7 20. h4 Be6 21. h5
Ne7 1-0

[Event "Polfinal Mistrzostw Stowarzyszenia CROSS"]
[Site "Krynica Zdroj ul. Szkolna 7"]
[Date "2012.??.??"]
[Round "9.11"]
[White "Gosek, Zenon"]
[Black "Bzowski, Grzegorz"]
[Result "1-0"]
[WhiteElo "2089"]
[BlackElo "1658"]
[PlyCount "35"]
[EventDate "2012.??.??"]

1. e4 d5 2. exd5 Qxd5 3. Nc3 Qa5 4. d4 c6 5. Nf3 Nf6 6. Bd3 e6 7. O-O Be7 8.
Bf4 O-O 9. Qd2 Nd5 10. Nxd5 Qxd5 11. c4 Qd8 12. Ne5 Kh8 13. Qe3 Nd7 14. Qh3 g6
15. Nxg6+ fxg6 16. Bxg6 Nf6 17. Be5 Qd7 18. Qxh7# 1-0

[Event "Polfinal Mistrzostw Stowarzyszenia CROSS"]
[Site "Krynica Zdroj ul. Szkolna 7"]
[Date "2012.??.??"]
[Round "9.12"]
[White "Cebula, Jozef"]
[Black "Sajdych, Wlodzimierz"]
[Result "1/2-1/2"]
[WhiteElo "1891"]
[BlackElo "1980"]
[PlyCount "43"]
[EventDate "2012.??.??"]

1. e4 c5 2. Nf3 Nc6 3. Nc3 e6 4. d4 cxd4 5. Nxd4 a6 6. Be3 Nge7 7. Na4 b5 8.
Nxc6 Nxc6 9. Nb6 Rb8 10. Nxc8 Rxc8 11. c3 Qc7 12. a4 Rb8 13. axb5 axb5 14. Be2
b4 15. O-O bxc3 16. bxc3 Be7 17. f4 O-O 18. e5 f5 19. c4 Rb7 20. Bf3 Rfb8 21.
h3 Bh4 22. Bc5 1/2-1/2

[Event "Polfinal Mistrzostw Stowarzyszenia CROSS"]
[Site "Krynica Zdroj ul. Szkolna 7"]
[Date "2012.??.??"]
[Round "9.14"]
[White "Debowska, Teresa"]
[Black "Mettel, Werner"]
[Result "1/2-1/2"]
[WhiteElo "1866"]
[BlackElo "1905"]
[PlyCount "73"]
[EventDate "2012.??.??"]

1. e4 e5 2. d4 exd4 3. Qxd4 Nc6 4. Qe3 d6 5. Bd2 Be7 6. Nc3 Be6 7. f4 Nf6 8. h3
h5 9. O-O-O a6 10. f5 Bd7 11. Nf3 Ne5 12. Ng5 Qc8 13. Be2 b5 14. Qf4 Qb7 15. g4
hxg4 16. hxg4 O-O-O 17. Be3 b4 18. Rxh8 Rxh8 19. Nd5 Nxd5 20. exd5 a5 21. Nf3
f6 22. Nxe5 dxe5 23. Qc4 Bd6 24. Bc5 Kd8 25. Be3 Rh3 26. Bd2 Qb6 27. g5 Bxf5
28. gxf6 gxf6 29. Bf1 Rh8 30. Qe2 Bd7 31. Be3 Qb8 32. Qg2 Be8 33. Qg7 Rf8 34.
Bh3 Qb5 35. Qg4 Bd7 36. Qh5 Bxh3 37. Qxh3 1/2-1/2

[Event "Polfinal Mistrzostw Stowarzyszenia CROSS"]
[Site "Krynica Zdroj ul. Szkolna 7"]
[Date "2012.??.??"]
[Round "9.15"]
[White "Rutkowski, Bogdan"]
[Black "Rutkowski, Eugeniusz"]
[Result "1/2-1/2"]
[WhiteElo "1794"]
[BlackElo "1804"]
[PlyCount "40"]
[EventDate "2012.??.??"]

1. e4 e6 2. d4 d5 3. Nd2 Nf6 4. exd5 exd5 5. Ngf3 Bd6 6. Bd3 O-O 7. O-O Nc6 8.
c3 Bg4 9. h3 Bh5 10. Re1 Qd7 11. Qc2 Rfe8 12. Bf5 Rxe1+ 13. Nxe1 Qe7 14. Nef3
Re8 15. Bd3 Ne4 16. Qd1 Nxf2 17. Kxf2 Qe3+ 18. Kf1 Qxd3+ 19. Kg1 Qe3+ 20. Kh1
Qf4 1/2-1/2